[Event "Landesklasse West 2011/2012"]
[Site "?"]
[Date "2011.03.04"]
[Round "7"]
[White "Mäurer, Michael"]
[Black "Möller, Hans-Joachim"]
[Result "1/2-1/2"]
[WhiteElo "1643"]
[BlackElo "1752"]
[PlyCount "97"]
[EventDate "2011.??.??"]
[WhiteTeam "Randspringer Bad Salzungen"]
[BlackTeam "TSG Ruhla"]

1. d4 e6 2. f4 f5 3. Nf3 Nf6 4. e3 Be7 5. Bd3 O-O 6. O-O d5 7. b3 Ne4 8. Bxe4
fxe4 9. Ne5 Nd7 10. Nxd7 Bxd7 11. Ba3 Bxa3 12. Nxa3 Qe7 13. Nb1 Rf6 14. Nd2
Raf8 15. Qe2 Be8 16. g4 g5 17. fxg5 Rxf1+ 18. Nxf1 Qxg5 19. Nd2 h5 20. Rf1
Rxf1+ 21. Kxf1 hxg4 22. Qf2 Qf5 23. Qxf5 exf5 24. Kf2 Kg7 25. Kg3 Bb5 26. c4
dxc4 27. bxc4 Ba6 28. c5 Kf6 29. Kf4 c6 30. a3 b6 31. cxb6 axb6 32. Nb1 Bc4 33.
Nc3 Bb3 34. Ne2 c5 35. dxc5 bxc5 36. Nc3 Bc4 37. a4 Ke6 38. a5 Ba6 39. Na4 Kd5
40. Kxf5 Bc8+ 41. Kf4 Kc6 42. Kxe4 Kb5 43. Nb2 Kxa5 44. Kd5 Kb5 45. Ke4 Bb7+
46. Kd3 Kb4 47. Kd2 c4 48. Nd1 Bf3 49. Nc3 1/2-1/2

[Event "Landesklasse West 2011/2012"]
[Site "?"]
[Date "2011.03.04"]
[Round "7"]
[White "Minor, Viatcheslav"]
[Black "Geißhirt, Marco"]
[Result "0-1"]
[WhiteElo "1991"]
[BlackElo "1846"]
[PlyCount "50"]
[EventDate "2011.??.??"]
[WhiteTeam "SV Wartburgstadt Eisenach"]
[BlackTeam "SG Barchfeld/Breitungen"]

1. e4 c6 2. d3 e5 3. Nf3 Nf6 4. Nbd2 Qc7 5. g3 Be7 6. Bg2 O-O 7. O-O d5 8. Re1
Nbd7 9. a4 Re8 10. c3 dxe4 11. dxe4 a5 12. Bf1 Nb6 13. Nc4 Nxc4 14. Bxc4 Bg4
15. Kg2 Bc5 16. Bg5 Qe7 17. Qb3 h6 18. Be3 Nxe4 19. Nxe5 Qxe5 20. Bxf7+ Kh8 21.
Bxe8 Qf5 22. Qf7 Nf6 23. Bf4 Bh3+ 24. Kg1 Qc2 25. Be3 Qe4 0-1

[Event "Landesklasse West 2011/2012"]
[Site "?"]
[Date "2011.03.04"]
[Round "7"]
[White "Kaiser, Andre"]
[Black "Hanel, Paul"]
[Result "1/2-1/2"]
[WhiteElo "1814"]
[BlackElo "1858"]
[PlyCount "41"]
[EventDate "2011.??.??"]
[WhiteTeam "SG Barchfeld/Breitungen"]
[BlackTeam "SV Wartburgstadt Eisenach"]

1. d4 Nf6 2. c4 e6 3. Nc3 Bb4 4. Nf3 b6 5. g3 Bb7 6. Bg2 Bxc3+ 7. bxc3 d6 8.
O-O Nbd7 9. Nd2 Bxg2 10. Kxg2 Qe7 11. e3 e5 12. a4 a5 13. Ba3 g5 14. Qf3 e4 15.
Qf5 h6 16. Rab1 c5 17. f3 exf3+ 18. Qxf3 O-O 19. e4 Rae8 20. Rbe1 Qe6 21. Bc1
1/2-1/2

[Event "Landesklasse West 2011/2012"]
[Site "?"]
[Date "2011.03.04"]
[Round "7"]
[White "Schwarz, Hilmar"]
[Black "Rommel, Uwe"]
[Result "0-1"]
[WhiteElo "1779"]
[BlackElo "1861"]
[PlyCount "58"]
[EventDate "2011.??.??"]
[WhiteTeam "SV Wartburgstadt Eisenach"]
[BlackTeam "SG Barchfeld/Breitungen"]

1. e4 g6 2. d4 Bg7 3. f4 d6 4. Nf3 a6 5. Nc3 Bg4 6. Be2 Nc6 7. Be3 e5 8. fxe5
Bxf3 9. Bxf3 dxe5 10. d5 Nd4 11. O-O Ne7 12. Ne2 Nxf3+ 13. Rxf3 O-O 14. Bg5 f6
15. Bh4 Nc8 16. c4 Nd6 17. Qc2 b6 18. Rd1 Qd7 19. Bf2 f5 20. exf5 Rxf5 21. Rh3
Raf8 22. Be3 R5f7 23. Ng3 Rf3 24. Bh6 Rf2 25. Qc3 Qg4 26. Rc1 Bxh6 27. Rxh6 Qf4
28. Rh3 Ne4 29. Nxe4 Rf1+ 0-1

[Event "Landesklasse West 2011/2012"]
[Site "?"]
[Date "2011.03.04"]
[Round "7"]
[White "Reum, Lutz"]
[Black "Neef, Michael"]
[Result "1/2-1/2"]
[WhiteElo "1859"]
[BlackElo "1879"]
[PlyCount "80"]
[EventDate "2011.??.??"]
[WhiteTeam "SG Barchfeld/Breitungen"]
[BlackTeam "SV Wartburgstadt Eisenach"]

1. d4 Nf6 2. Nf3 d5 3. e3 Bg4 4. Be2 e6 5. O-O Nbd7 6. c4 c6 7. h3 Bh5 8. cxd5
cxd5 9. Nc3 a6 10. a4 Bd6 11. Qb3 Qb6 12. Qxb6 Nxb6 13. a5 Nbd7 14. g4 Bg6 15.
Bd2 Rc8 16. Rfc1 O-O 17. Nh4 Rc7 18. Nxg6 hxg6 19. Na2 Rfc8 20. Rxc7 Rxc7 21.
Rc1 Rxc1+ 22. Nxc1 Nb8 23. b4 Nc6 24. Nd3 Nd7 25. f4 f5 26. g5 Kf7 27. Kf1 Ke7
28. Ke1 Nf8 29. Kd1 Kd7 30. Kc2 Na7 31. Kb3 Kc6 32. Nf2 b5 33. h4 Kd7 34. Nd3
Ke7 35. Bc3 Kf7 36. Bf3 Nd7 37. Be1 Nb8 38. Bc3 Nd7 39. Bb2 Nb8 40. Ba3 Nd7
1/2-1/2

[Event "Landesklasse West 2011/2012"]
[Site "?"]
[Date "2011.03.04"]
[Round "7"]
[White "Königsdörfer, Gerhard"]
[Black "Crivellaro, Heiko"]
[Result "0-1"]
[WhiteElo "1864"]
[BlackElo "1796"]
[PlyCount "41"]
[EventDate "2011.??.??"]
[WhiteTeam "SV Wartburgstadt Eisenach"]
[BlackTeam "SG Barchfeld/Breitungen"]

1. e4 e5 2. Nf3 Nf6 3. Nxe5 d6 4. Nf3 Nxe4 5. Nc3 Nf6 6. d4 d5 7. Bg5 Be7 8.
Qd2 O-O 9. Bd3 Re8 10. O-O-O Bg4 11. Rde1 Bxf3 12. gxf3 c6 13. Rhg1 Kh8 14. Qf4
Nbd7 15. Qh4 Nf8 16. Rg3 Ng8 17. Rxe7 Rxe7 18. Bxh7 Nxh7 19. Rh3 Nh6 20. Bxe7
Qd7 21. Bg5 0-1

[Event "Landesklasse West 2011/2012"]
[Site "?"]
[Date "2011.03.04"]
[Round "7"]
[White "Heß, Wolfgang"]
[Black "Heyl, Peter"]
[Result "1/2-1/2"]
[WhiteElo "1738"]
[BlackElo "1676"]
[PlyCount "30"]
[EventDate "2011.??.??"]
[WhiteTeam "SG Barchfeld/Breitungen"]
[BlackTeam "SV Wartburgstadt Eisenach"]

1. e4 e6 2. d4 d5 3. Nc3 dxe4 4. Nxe4 Nd7 5. Nf3 Ngf6 6. Bg5 Be7 7. Nxf6+ Bxf6
8. Bxf6 Nxf6 9. Bd3 O-O 10. O-O b6 11. Ne5 Bb7 12. c3 Qd5 13. Nf3 Rad8 14. Qe2
c5 15. Ba6 Ba8 1/2-1/2

[Event "Landesklasse West 2011/2012"]
[Site "?"]
[Date "2011.03.04"]
[Round "7"]
[White "Ulbricht, Olaf"]
[Black "Abe, Rico"]
[Result "1/2-1/2"]
[WhiteElo "1634"]
[BlackElo "1723"]
[PlyCount "50"]
[EventDate "2011.??.??"]
[WhiteTeam "SV Wartburgstadt Eisenach"]
[BlackTeam "SG Barchfeld/Breitungen"]

1. e4 d6 2. Nc3 Nf6 3. Bc4 g6 4. Nf3 Bg7 5. d3 O-O 6. Bd2 Bg4 7. h3 Bxf3 8.
Qxf3 Nbd7 9. Bb3 c6 10. g4 Nc5 11. Qg2 Nxb3 12. axb3 e5 13. h4 Qd7 14. f3 h5
15. gxh5 Nxh5 16. Ne2 Qe6 17. Rb1 f5 18. Ng3 Nxg3 19. Qxg3 f4 20. Qg2 Bh6 21.
Ke2 Kf7 22. Rbg1 Rg8 23. Qf2 c5 24. Rg4 a5 25. Rhg1 b5 1/2-1/2

[Event "Landesklasse West 2011/2012"]
[Site "?"]
[Date "2011.03.04"]
[Round "7"]
[White "Kleinsteuber, Erik"]
[Black "Graupner, Markus"]
[Result "1/2-1/2"]
[WhiteElo "1630"]
[BlackElo "1643"]
[PlyCount "29"]
[EventDate "2011.??.??"]
[WhiteTeam "SG Barchfeld/Breitungen"]
[BlackTeam "SV Wartburgstadt Eisenach"]

1. e4 d6 2. d4 Nf6 3. Nc3 c6 4. Bf4 Qb6 5. Rb1 Bg4 6. f3 Bh5 7. e5 Nd5 8. Nxd5
cxd5 9. exd6 e6 10. c3 Bg6 11. Bd3 Bxd3 12. Qxd3 Bxd6 13. Nh3 Bxf4 14. Nxf4 Nd7
15. Qe3 1/2-1/2

[Event "Landesklasse West 2011/2012"]
[Site "?"]
[Date "2011.03.04"]
[Round "7"]
[White "Kachel, Alfred"]
[Black "Dawydow, Alexej"]
[Result "1/2-1/2"]
[WhiteElo "1954"]
[BlackElo "1940"]
[PlyCount "56"]
[EventDate "2011.??.??"]
[WhiteTeam "Schachclub Rochade Leinefelde"]
[BlackTeam "SV Ammern"]

1. d4 d5 2. Nf3 Bg4 3. c4 c6 4. Ne5 Be6 5. cxd5 Bxd5 6. Nc3 Nf6 7. f3 a6 8. e4
Be6 9. Be3 g6 10. Be2 Bg7 11. O-O O-O 12. Qd2 Ne8 13. f4 Nd6 14. b3 f5 15. d5
cxd5 16. exd5 Bf7 17. Bf3 Nd7 18. Nxf7 Rxf7 19. Rac1 Nf6 20. Rfd1 h6 21. Qd3
Kh7 22. h3 h5 23. Bd4 Rf8 24. Kh2 Rc8 25. Qe3 Bh6 26. Be5 Rf7 27. g3 Nd7 28.
Bd4 Nf6 1/2-1/2

[Event "Landesklasse West 2011/2012"]
[Site "?"]
[Date "2011.03.04"]
[Round "7"]
[White "Kampfhenkel, Ulrich"]
[Black "Pfitzenreuter, Gerald"]
[Result "1-0"]
[WhiteElo "2004"]
[BlackElo "1939"]
[PlyCount "113"]
[EventDate "2011.??.??"]
[WhiteTeam "SV Ammern"]
[BlackTeam "Schachclub Rochade Leinefelde"]

1. e4 c5 2. Nf3 Nc6 3. d4 cxd4 4. Nxd4 g6 5. Nc3 Bg7 6. Be3 Nf6 7. f3 O-O 8.
Bc4 d6 9. Qd2 Bd7 10. Bb3 Rc8 11. O-O-O Ne5 12. Bh6 Bxh6 13. Qxh6 Rxc3 14. bxc3
Qa5 15. Kb1 Rc8 16. h4 Nc4 17. Bxc4 Rxc4 18. Nb3 Qxc3 19. Qd2 Qe5 20. Qa5 Qxa5
21. Nxa5 Rb4+ 22. Nb3 a5 23. a3 Rb6 24. Kc1 a4 25. Nd4 d5 26. e5 Nh5 27. Ne2 e6
28. Rd4 Kf8 29. g4 Ng7 30. Rb4 Rxb4 31. axb4 Ke7 32. Nd4 f5 33. b5 Ne8 34. b6
Ng7 35. Kd2 fxg4 36. fxg4 h5 37. g5 Nf5 38. Nxf5+ exf5 39. Ke3 Ke6 40. Kf4 Bb5
41. Rb1 Bc4 42. Ra1 Bb5 43. c3 Bc6 44. Rb1 Bd7 45. Rb4 Bc6 46. Rb2 Bd7 47. Rb4
Bc6 48. c4 d4 49. Rb2 d3 50. Ra2 Be4 51. c5 Kd5 52. Rxa4 Kxc5 53. Ke3 Kxb6 54.
Rd4 Kc5 55. e6 Bc6 56. Rxd3 b5 57. e7 1-0

[Event "Landesklasse West 2011/2012"]
[Site "?"]
[Date "2011.03.04"]
[Round "7"]
[White "Ziegenfuß, Holger"]
[Black "Wegerich, Michael"]
[Result "1/2-1/2"]
[WhiteElo "1941"]
[BlackElo "2018"]
[PlyCount "91"]
[EventDate "2011.??.??"]
[WhiteTeam "Schachclub Rochade Leinefelde"]
[BlackTeam "SV Ammern"]

1. c4 Nf6 2. Nf3 d5 3. g3 c6 4. Bg2 e6 5. b3 Be7 6. Bb2 Nbd7 7. O-O O-O 8. d3
b6 9. Nbd2 Bb7 10. Rc1 c5 11. Re1 d4 12. e4 dxe3 13. Rxe3 Ng4 14. Re1 Bf6 15.
d4 cxd4 16. Ne4 Nc5 17. Nxf6+ Qxf6 18. Bxd4 Qe7 19. b4 Rad8 20. Qe2 Bxf3 21.
Bxc5 bxc5 22. Bxf3 Nf6 23. b5 Rd4 24. Red1 Rfd8 25. a4 Qc7 26. Qe1 e5 27. Be2
Ne4 28. Bf3 Nd2 29. Be2 Qa5 30. Ra1 g6 31. Kg2 e4 32. Ra2 Kg7 33. Rc1 f5 34.
Rcc2 g5 35. Qa1 Kg6 36. Qc3 Qxc3 37. Rxc3 f4 38. f3 exf3+ 39. Bxf3 Nxc4 40. Kf2
Ne5 41. gxf4 gxf4 42. Ke2 Re8 43. Kf1 Nd3 44. Re2 Rxe2 45. Bxe2 c4 46. Rxc4
1/2-1/2

[Event "Landesklasse West 2011/2012"]
[Site "?"]
[Date "2011.03.04"]
[Round "7"]
[White "Kurze, Christoph"]
[Black "Frank, Thomas"]
[Result "0-1"]
[WhiteElo "1890"]
[BlackElo "1891"]
[PlyCount "140"]
[EventDate "2011.??.??"]
[WhiteTeam "SV Ammern"]
[BlackTeam "Schachclub Rochade Leinefelde"]

1. e4 c5 2. Nf3 e6 3. d4 cxd4 4. Nxd4 Nc6 5. Be3 Qc7 6. Be2 a6 7. O-O Nf6 8.
Nd2 Be7 9. f4 Nxd4 10. Bxd4 Bc5 11. Bxc5 Qxc5+ 12. Kh1 d5 13. Nb3 Qc7 14. e5
Nd7 15. a4 b6 16. Rf3 Bb7 17. Nd4 Nc5 18. Qe1 g6 19. Rc3 Qd7 20. a5 Ne4 21. Rb3
b5 22. Rxb5 O-O 23. Rb6 Rfc8 24. Ra3 Rc7 25. b4 Qe7 26. Rb3 g5 27. g3 h6 28.
Bf3 Rac8 29. Re3 gxf4 30. gxf4 Rc4 31. Bxe4 dxe4 32. c3 Kh7 33. b5 axb5 34.
Nxb5 R8c7 35. Nd6 Ra4 36. Nxb7 Rxb7 37. Rxe4 Rxa5 38. Reb4 Rba7 39. Qe4+ Kg7
40. Rb1 Ra1 41. Rb8 R7a2 42. Qe1 Rxb1 43. Rxb1 Qa7 44. Qg1+ Qxg1+ 45. Rxg1+ Kf8
46. Rf1 Rc2 47. Rf3 Ke7 48. Kg1 f6 49. h3 fxe5 50. fxe5 Re2 51. c4 Rxe5 52. Rc3
Kd6 53. Kf2 Kc5 54. Kf3 Rh5 55. Kg4 Rg5+ 56. Kf4 Kd4 57. Rc1 e5+ 58. Kf3 Rf5+
59. Kg3 e4 60. h4 e3 61. Kg4 Re5 62. Kf3 e2 63. Re1 Kd3 64. Kf4 Re4+ 65. Kf3
Re8 66. c5 Kd2 67. Ra1 e1=Q 68. Rxe1 Kxe1 69. Kf4 Rc8 70. c6 Rxc6 0-1

[Event "Landesklasse West 2011/2012"]
[Site "?"]
[Date "2011.03.04"]
[Round "7"]
[White "Dittrich, Frank"]
[Black "Schorch, Rüdiger"]
[Result "0-1"]
[WhiteElo "1784"]
[BlackElo "1936"]
[PlyCount "84"]
[EventDate "2011.??.??"]
[WhiteTeam "Schachclub Rochade Leinefelde"]
[BlackTeam "SV Ammern"]

1. e4 c5 2. d4 cxd4 3. Qxd4 Nc6 4. Qe3 d6 5. Nc3 Nf6 6. Bd2 g6 7. Bd3 Bg7 8. f3
O-O 9. O-O-O d5 10. exd5 Nxd5 11. Nxd5 Qxd5 12. b3 Qd6 13. Kb1 Qf6 14. c3 a5
15. g4 a4 16. g5 Qd6 17. b4 Be6 18. Ne2 Bxa2+ 19. Kxa2 Nxb4+ 20. cxb4 Qd5+ 21.
Bc4 Qxc4+ 22. Kb1 a3 23. Bc3 Qb3+ 24. Ka1 Rfc8 25. Qd2 Bxc3+ 26. Nxc3 Rxc3 27.
Rb1 Qc4 28. Rhc1 Rc8 29. Rxc3 Qxc3+ 30. Qxc3 Rxc3 31. Ka2 Rxf3 32. Rc1 b5 33.
Rc5 Rf5 34. Rc8+ Kg7 35. Kxa3 h6 36. gxh6+ Kxh6 37. Kb3 Rf3+ 38. Kc2 Kg5 39.
Rc5+ Rf5 40. Kd3 Rxc5 41. bxc5 Kf5 42. Kd4 Ke6 0-1

[Event "Landesklasse West 2011/2012"]
[Site "?"]
[Date "2011.03.04"]
[Round "7"]
[White "Feigel, Andreas"]
[Black "Seeboth, Paul"]
[Result "0-1"]
[WhiteElo "1763"]
[BlackElo "1780"]
[PlyCount "116"]
[EventDate "2011.??.??"]
[WhiteTeam "SV Ammern"]
[BlackTeam "Schachclub Rochade Leinefelde"]

1. Nf3 d5 2. b3 c5 3. e3 Nc6 4. Bb2 Bg4 5. Bb5 a6 6. Bxc6+ bxc6 7. d3 f6 8. O-O
e5 9. Nbd2 Bd6 10. e4 Qb6 11. h3 Be6 12. Qe2 Ne7 13. Rfe1 Ng6 14. Qf1 Nf4 15.
Nh2 O-O 16. Ndf3 c4 17. exd5 cxd5 18. Bc1 Ng6 19. bxc4 dxc4 20. Be3 Qc7 21. Qe2
Rab8 22. Reb1 Ne7 23. Nf1 c3 24. Ng3 f5 25. Ng5 Bd5 26. Rxb8 Rxb8 27. Bc1 Qc6
28. Nf3 Qc7 29. Bg5 g6 30. Bf6 e4 31. dxe4 Bc4 32. Qd1 Bxg3 33. fxg3 fxe4 34.
Ng5 Rd8 35. Qe1 Qb6+ 36. Qf2 e3 37. Qf3 Bd5 38. Qf4 e2+ 39. Kh2 Rf8 40. Qh4
Rxf6 41. Qxh7+ Kf8 42. Qh8+ Ng8 43. Nh7+ Kf7 44. Nxf6 Nxf6 45. Qc8 Qc6 46. Qxc6
Bxc6 47. Kg1 Ne4 48. g4 Kf6 49. Rb1 Kg5 50. g3 Bd5 51. Re1 Nxg3 52. Kf2 Kf4 53.
Rb1 Be4 54. Rb6 Bxc2 55. Rxa6 Bd3 56. Rc6 Bb5 57. Rc7 Ne4+ 58. Ke1 Nd2 0-1

[Event "Landesklasse West 2011/2012"]
[Site "?"]
[Date "2011.03.04"]
[Round "7"]
[White "Müller, Sebastian"]
[Black "Hentrich, Jörg"]
[Result "1-0"]
[WhiteElo "1839"]
[BlackElo "1816"]
[PlyCount "57"]
[EventDate "2011.??.??"]
[WhiteTeam "Schachclub Rochade Leinefelde"]
[BlackTeam "SV Ammern"]

1. e4 Nf6 2. e5 Nd5 3. d4 d6 4. c4 Nb6 5. exd6 exd6 6. Nc3 Nc6 7. Be3 Be7 8.
Nf3 Bg4 9. h3 Bh5 10. b3 O-O 11. g4 Bg6 12. d5 Bf6 13. Rc1 Nb4 14. Nd4 Re8 15.
Be2 Bxd4 16. Qxd4 Nc2+ 17. Rxc2 Bxc2 18. Kd2 Bg6 19. h4 Qe7 20. h5 Be4 21. f3
Bxd5 22. Nxd5 Nxd5 23. cxd5 c5 24. dxc6 bxc6 25. h6 gxh6 26. Bd3 f6 27. Rxh6
Kg7 28. g5 Rf8 29. Rxh7+ 1-0

[Event "Landesklasse West 2011/2012"]
[Site "?"]
[Date "2011.03.04"]
[Round "7"]
[White "Thon, Philipp"]
[Black "Petiko, Jakob"]
[Result "0-1"]
[WhiteElo "1585"]
[BlackElo "1929"]
[PlyCount "100"]
[EventDate "2011.??.??"]
[WhiteTeam "SV Ammern"]
[BlackTeam "Schachclub Rochade Leinefelde"]

1. d4 d6 2. e4 Nf6 3. Nc3 Nbd7 4. Nf3 e5 5. dxe5 dxe5 6. Bc4 h6 7. O-O Be7 8.
Qe2 c6 9. a3 O-O 10. Be3 Qc7 11. h3 b5 12. Ba2 Nc5 13. Bxc5 Bxc5 14. Rad1 Nh5
15. Ne1 Ng3 16. Qf3 Nxf1 17. Kxf1 Kh8 18. Nd3 Bd6 19. g4 Qe7 20. Ne2 Be6 21.
Bxe6 Qxe6 22. Ng3 g6 23. h4 Be7 24. h5 c5 25. c3 Rad8 26. Kg2 c4 27. Nb4 Rxd1
28. Qxd1 gxh5 29. Nxh5 Rg8 30. f3 Bxb4 31. axb4 f5 32. exf5 Qxf5 33. Kf2 Rxg4
34. Ng3 Qf6 35. Qd7 Rf4 36. Qe8+ Kh7 37. Qd7+ Qf7 38. Qxf7+ Rxf7 39. Ne4 a6 40.
Ke3 Kg6 41. Nc5 h5 42. Kf2 Kf5 43. Nxa6 Ra7 44. Nc5 Ra2 45. Kg3 Rxb2 46. Ne4
h4+ 47. Kxh4 Kf4 48. Kh3 Kxf3 49. Nd6 e4 50. Nxb5 e3 0-1

[Event "Landesklasse West 2011/2012"]
[Site "?"]
[Date "2011.03.04"]
[Round "7"]
[White "Mehlhorn, Uwe"]
[Black "Bötticher, Heinz-Wilfried"]
[Result "1-0"]
[WhiteElo "2081"]
[BlackElo "1810"]
[PlyCount "41"]
[EventDate "2011.??.??"]
[WhiteTeam "Ilmenauer SV"]
[BlackTeam "SV Breitenworbis"]

1. b4 c5 2. bxc5 e5 3. e3 Bxc5 4. d4 exd4 5. exd4 Bb4+ 6. c3 Ba5 7. Nf3 d5 8.
Ba3 Ne7 9. Bb5+ Nbc6 10. O-O O-O 11. Re1 Re8 12. Qb3 Be6 13. Nbd2 a6 14. Bd3 b5
15. Bc5 Rb8 16. Qc2 h6 17. Nb3 b4 18. c4 dxc4 19. Bxc4 Bf5 20. Qe2 Bg4 21. d5
1-0

[Event "Landesklasse West 2011/2012"]
[Site "?"]
[Date "2011.03.04"]
[Round "7"]
[White "Gast, Rainer"]
[Black "Töpfer, Albrecht"]
[Result "1/2-1/2"]
[WhiteElo "1943"]
[BlackElo "1851"]
[PlyCount "43"]
[EventDate "2011.??.??"]
[WhiteTeam "SV Breitenworbis"]
[BlackTeam "Ilmenauer SV"]

1. d4 Nf6 2. c4 e6 3. Nc3 Bb4 4. Qc2 c5 5. dxc5 Qa5 6. Bd2 Nc6 7. Nf3 Qxc5 8.
e3 O-O 9. a3 Bxc3 10. Bxc3 Qe7 11. Bd3 h6 12. b4 b6 13. O-O Bb7 14. Rfd1 Rac8
15. b5 Na5 16. Bb4 Qd8 17. Bxa5 bxa5 18. c5 Qe7 19. Rac1 Bxf3 20. gxf3 Rc7 21.
Be4 Rfc8 22. c6 1/2-1/2

[Event "Landesklasse West 2011/2012"]
[Site "?"]
[Date "2011.03.04"]
[Round "7"]
[White "Eipel, Andreas"]
[Black "Sukaylo, Aleksey"]
[Result "1/2-1/2"]
[WhiteElo "1725"]
[BlackElo "1931"]
[PlyCount "124"]
[EventDate "2011.??.??"]
[WhiteTeam "SV Breitenworbis"]
[BlackTeam "Ilmenauer SV"]

1. e4 e5 2. Nf3 Nc6 3. Nc3 Nf6 4. Bc4 Nxe4 5. Nxe4 d5 6. Bd3 dxe4 7. Bxe4 Bd6
8. d3 Bd7 9. c3 Qe7 10. Qb3 O-O-O 11. Be3 Kb8 12. a4 h6 13. Nd2 f5 14. Bxc6
Bxc6 15. f3 Rhf8 16. O-O-O Qd7 17. Qa2 a6 18. b3 Rde8 19. Nc4 g5 20. Rhe1 Rg8
21. Bg1 g4 22. Qf2 Kc8 23. Qa7 Kd8 24. Na5 gxf3 25. gxf3 Bxf3 26. Nxb7+ Ke7 27.
Nc5 Qc6 28. Qxa6 Qxa6 29. Nxa6 Bxd1 30. Kxd1 Ra8 31. Nb4 Bxb4 32. cxb4 Kd6 33.
Bc5+ Kd5 34. Re2 e4 35. dxe4+ fxe4 36. Kd2 Rad8 37. Ke3 Ke5 38. a5 Rd3+ 39. Kf2
Rf3+ 40. Ke1 Rxb3 41. a6 Ra3 42. a7 Ra8 43. Rb2 R8xa7 44. Bxa7 Rxa7 45. Rc2 Rb7
46. Rc6 Rxb4 47. Rxc7 Rb6 48. Rh7 Rf6 49. Rh8 Kf4 50. Ke2 Re6 51. Rf8+ Kg4 52.
Ke3 Kh3 53. Rf2 h5 54. Rf5 h4 55. Rf2 Rg6 56. Kxe4 Rg2 57. Kf3 Rxh2 58. Rxh2+
Kxh2 59. Kf2 h3 60. Kf1 Kg3 61. Kg1 h2+ 62. Kh1 Kh3 1/2-1/2

[Event "Landesklasse West 2011/2012"]
[Site "?"]
[Date "2011.03.04"]
[Round "7"]
[White "Lorenz, Erik Roman"]
[Black "Biel, Peter"]
[Result "1-0"]
[WhiteElo "1661"]
[BlackElo "1694"]
[PlyCount "153"]
[EventDate "2011.??.??"]
[WhiteTeam "Ilmenauer SV"]
[BlackTeam "SV Breitenworbis"]

1. e4 c5 2. Nf3 Nc6 3. d4 cxd4 4. Nxd4 Nf6 5. Nc3 e5 6. Ndb5 d6 7. Bg5 a6 8.
Na3 Be7 9. Bxf6 Bxf6 10. Nd5 b5 11. c3 O-O 12. Nc2 Bg5 13. h4 Bh6 14. a4 Rb8
15. axb5 axb5 16. Ncb4 Nxb4 17. Nxb4 Bb7 18. f3 Qb6 19. Qd3 Bf4 20. g4 Bg3+ 21.
Kd1 Ra8 22. Rb1 d5 23. exd5 Rad8 24. Qxb5 Qf6 25. Be2 Bxd5 26. Nxd5 Rxd5+ 27.
Qxd5 Rd8 28. Qxd8+ Qxd8+ 29. Kc2 Bxh4 30. Rbd1 Qf6 31. Rd7 Qc6 32. Rhd1 g6 33.
R1d5 Qa4+ 34. Kb1 Bf6 35. Bd1 Qc4 36. Rd3 e4 37. fxe4 Qxe4 38. b3 Qe1 39. Kc2
Bg5 40. c4 Qf2+ 41. Kb1 Qf4 42. Ka2 Qc1 43. Rf3 Bf4 44. Rd5 Bd2 45. Rfd3 Bc3
46. Rxc3 Qxc3 47. Ka3 Qa1+ 48. Kb4 Qa6 49. Kc5 f5 50. gxf5 gxf5 51. b4 Qa7+ 52.
Kc6 Qa6+ 53. Kc5 Qe6 54. b5 Qc8+ 55. Kb4 Kf7 56. c5 Qe6 57. Bb3 Qe1+ 58. Ka4
Kf6 59. b6 Qe8+ 60. Ka5 Qa8+ 61. Kb4 f4 62. Rd6+ Ke5 63. Bd5 Qa1 64. b7 Qd4+
65. Kb5 Qb2+ 66. Kc6 Qb4 67. Re6+ Kf5 68. Re4 Qb2 69. Re8 Qf6+ 70. Be6+ Ke4 71.
b8=Q f3 72. Qb4+ Ke3 73. Qe1+ Kf4 74. Qd2+ Ke4 75. Kd7 Qg7+ 76. Re7 Qg2 77.
Bh3# 1-0

[Event "Landesklasse West 2011/2012"]
[Site "?"]
[Date "2011.03.04"]
[Round "7"]
[White "Bötticher, Andreas"]
[Black "Leuner, Klaus"]
[Result "0-1"]
[WhiteElo "1530"]
[BlackElo "1860"]
[PlyCount "102"]
[EventDate "2011.??.??"]
[WhiteTeam "SV Breitenworbis"]
[BlackTeam "Ilmenauer SV"]

1. d4 d5 2. c4 c6 3. Nf3 Nf6 4. Nc3 e6 5. Bg5 Be7 6. e3 O-O 7. Qc2 Nbd7 8. cxd5
exd5 9. Bd3 h6 10. Bh4 Re8 11. O-O Nf8 12. Rae1 Ne6 13. Qb1 b5 14. b4 a5 15. a3
Bb7 16. Bf5 axb4 17. axb4 Qd6 18. Na2 Ra3 19. Bg3 Qd8 20. Rc1 Qb6 21. Rfd1 Rea8
22. Nc3 Qd8 23. Ne5 Bd6 24. Rc2 Qe7 25. Rdc1 Nd8 26. Nd3 Bxg3 27. hxg3 g6 28.
Bh3 Bc8 29. Bxc8 Rxc8 30. Ne5 Rca8 31. Ra2 Rxa2 32. Nxa2 Ra6 33. Qb3 Ne4 34.
Nc3 Nd2 35. Qb2 Nc4 36. Nxc4 dxc4 37. Nb1 Ra4 38. Nc3 Rxb4 39. Qa3 Qf8 40. Qa8
Kg7 41. Qb8 Qe7 42. Ra1 Rb3 43. Ne2 c3 44. Ra8 c2 45. Qxd8 Qxd8 46. Rxd8 Rb1+
47. Kh2 Re1 48. Rc8 Rxe2 49. Rxc6 b4 50. d5 b3 51. d6 Rd2 0-1

[Event "Landesklasse West 2011/2012"]
[Site "?"]
[Date "2011.03.04"]
[Round "7"]
[White "Schenk, Stefan"]
[Black "Hermann, Ingo"]
[Result "1/2-1/2"]
[WhiteElo "1839"]
[BlackElo "1852"]
[PlyCount "88"]
[EventDate "2011.??.??"]
[WhiteTeam "Ilmenauer SV"]
[BlackTeam "SV Breitenworbis"]

1. e4 e6 2. d4 d5 3. Nd2 Nf6 4. e5 Nfd7 5. Bd3 c5 6. c3 Nc6 7. Ne2 cxd4 8. cxd4
f6 9. exf6 Nxf6 10. O-O Bd6 11. Nf3 O-O 12. Nc3 Qb6 13. Re1 Bd7 14. a3 a6 15.
Bg5 Qc7 16. Rc1 Rae8 17. Bb1 Bf4 18. Qd3 g6 19. Bxf4 Qxf4 20. Ne2 Qh6 21. Ng3
Re7 22. Rc2 Rfe8 23. Rce2 Kg7 24. Qc3 Qf4 25. b4 Rc8 26. Qb2 Rf7 27. Bd3 b5 28.
Nf1 Ne8 29. N1d2 Nd6 30. Nb3 Nb7 31. Nc5 Nxc5 32. dxc5+ Qf6 33. Qxf6+ Rxf6 34.
Ne5 Nxe5 35. Rxe5 Rf4 36. g3 Rf3 37. R1e3 Rcf8 38. Rxf3 Rxf3 39. Re3 Rxe3 40.
fxe3 Kf6 41. Kf2 e5 42. Bc2 Kg5 43. Bd1 h5 44. Kg2 Kh6 1/2-1/2

[Event "Landesklasse West 2011/2012"]
[Site "?"]
[Date "2011.03.04"]
[Round "7"]
[White "Petiko, Nikolai"]
[Black "Dennler, Günter"]
[Result "1/2-1/2"]
[WhiteElo "1922"]
[BlackElo "1821"]
[PlyCount "84"]
[EventDate "2011.??.??"]
[WhiteTeam "SV Breitenworbis"]
[BlackTeam "Ilmenauer SV"]

1. e4 g6 2. c4 Bg7 3. Nc3 c5 4. g3 Nc6 5. Bg2 d6 6. d3 e6 7. Nge2 Nge7 8. O-O
O-O 9. Rb1 a6 10. a3 Rb8 11. b4 cxb4 12. axb4 b5 13. cxb5 axb5 14. d4 Bd7 15.
Bg5 Re8 16. Qd2 Qb6 17. Be3 Qd8 18. f4 Nc8 19. d5 N6e7 20. Bd4 Bxd4+ 21. Nxd4
Qb6 22. Kh1 exd5 23. Nxd5 Nxd5 24. exd5 Ne7 25. Rfe1 Nf5 26. Nc6 Rxe1+ 27. Rxe1
Re8 28. Rxe8+ Bxe8 29. g4 Qe3 30. Qxe3 Nxe3 31. Bf3 Kf8 32. Nd4 Bd7 33. h3 h5
34. gxh5 gxh5 35. h4 Nf5 36. Nxf5 Bxf5 37. Kg1 Kg7 38. Kf2 Kg6 39. Ke3 Bd7 40.
Be2 Be8 41. f5+ Kh6 42. Bd3 f6 1/2-1/2

[Event "Landesklasse West 2011/2012"]
[Site "?"]
[Date "2011.04.01"]
[Round "8"]
[White "Dawydow, Alexej"]
[Black "Mehlhorn, Uwe"]
[Result "1/2-1/2"]
[WhiteElo "1940"]
[BlackElo "2081"]
[PlyCount "46"]
[EventDate "2011.??.??"]
[WhiteTeam "SV Ammern"]
[BlackTeam "Ilmenauer SV"]

1. e4 d6 2. d4 g6 3. f4 Bg7 4. Nf3 e6 5. Be3 Ne7 6. Be2 Nd7 7. Nc3 a6 8. Qd2 b5
9. Nd1 Bb7 10. Nf2 Nf6 11. Bd3 d5 12. e5 Ne4 13. Qe2 h5 14. Nd2 Nxd2 15. Bxd2
Nf5 16. Bxf5 exf5 17. Bb4 Bc8 18. Bc5 Be6 19. Nd3 Qh4+ 20. Qf2 Qxf2+ 21. Kxf2
Kd7 22. h4 f6 23. Rhe1 Rhe8 1/2-1/2